000
00323nam a2200145Ia 4500
100
_a
D.G.E.T. Minstry (Cimi)
650
_a
Fitter
490
_v
ITI
942
_c
BK
654
_a
Fitter
245
_a
Fitter First Year Assignment /Test
260
_b
Wiley Eastern.
_a
NEW DELHI
_c
1993
300
_a
83
546
_a
ENGLISH
999
_c
30057
_d
30057